[Event "Abu Dhabi op 25th"]
[Site "Abu Dhabi"]
[Date "2018.08.09"]
[Round "3"]
[White "Ali, Nehad"]
[Black "Adnan, Habib"]
[Result "0-1"]
[WhiteElo "2113"]
[BlackElo "2171"]
[PlyCount "112"]
[EventDate "2018.08.07"]
[EventType "swiss"]
[EventRounds "9"]
[EventCountry "UAE"]
[SourceTitle "CBM 185 Extra"]
[Source "ChessBase"]
[SourceDate "2018.07.29"]
[SourceVersion "1"]
[SourceVersionDate "2018.07.29"]
[SourceQuality "1"]

1. c4 Nf6 2. g3 g6 3. Bg2 Bg7 4. d4 d6 5. Nc3 0-0 6. Nf3 c5 7. 0-0 Nc6 8. e3 cxd4 9. exd4 d5 10. c5 Ne4 11. Re1 f5 12. Bf4 e6 13. h4 b6 14. cxb6 Qxb6 15. Na4 Qb4 16. a3 Qe7 17. Rc1 Bd7 18. Nc5 Nxc5 19. Rxc5 Qf6 20. Ne5 Nxe5 21. Bxe5 Qe7 22. b4 Bxe5 23. Rxe5 Qd6 24. Rexd5 exd5 25. Bxd5+ Kh8 26. Bxa8 Rxa8 27. d5 Re8 28. Ra5 a6 29. Rc5 Qe5 30. Kg2 Kg8 31. Qb3 Qe4+ 32. Qf3 Bb5 33. Rc1 Qxf3+ 34. Kxf3 Rd8 35. Rc7 Rxd5 36. Kf4 Rd7 37. Rc8+ Kf7 38. Rb8 Ke6 39. Ra8 Bf1 40. f3 Kd5 41. Rc8 Kd4 42. Rc1 Bd3 43. Kg5 Ke3 44. f4 Kf3 45. Rc3 Kxg3 46. a4 h6+ 47. Kxh6 Kxf4 48. Kxg6 Kg4 49. h5 f4+ 50. Kf6 f3 51. Ke6 f2 52. Rc1 Rb7 53. b5 f1Q 54. Rxf1 Bxf1 55. h6 Kg5 56. Kd6 axb5 0-1

[Event "Abu Dhabi op 25th"]
[Site "Abu Dhabi"]
[Date "2018.08.07"]
[Round "1"]
[White "Ali, Nehad"]
[Black "Soumya, Swaminathan"]
[Result "0-1"]
[WhiteElo "2113"]
[BlackElo "2361"]
[PlyCount "105"]
[EventDate "2018.08.07"]
[EventType "swiss"]
[EventRounds "9"]
[EventCountry "UAE"]
[SourceTitle "CBM 185 Extra"]
[Source "ChessBase"]
[SourceDate "2018.07.29"]
[SourceVersion "1"]
[SourceVersionDate "2018.07.29"]
[SourceQuality "1"]

1. c4 c5 2. Nc3 Nc6 3. g3 g6 4. Bg2 Bg7 5. e3 Nf6 6. Nge2 d6 7. 0-0 h5 8. d4 Bd7 9. h3 a6 10. f4 cxd4 11. exd4 Rb8 12. d5 Na5 13. Qd3 Bf5 14. Qd4 Kf8 15. b3 h4 16. Qf2 hxg3 17. Qxg3 Qc8 18. Be3 Bxh3 19. Bb6 Bxg2 20. Kxg2 Nc6 21. Rh1 Rxh1 22. Rxh1 Ra8 23. Qf3 Nb8 24. Ng3 Qg4 25. Na4 Nbd7 26. Re1 Re8 27. Bd4 b5 28. Nb6 Qxf3+ 29. Kxf3 Nxb6 30. Bxb6 bxc4 31. bxc4 Rc8 32. f5 Rxc4 33. fxg6 fxg6 34. Bd8 Nxd5 35. Ne4 Be5 36. Ng5 Ke8 37. Ba5 Rf4+ 38. Ke2 Ra4 39. Bd2 Rxa2 40. Ne4 Nc3+ 41. Kd3 Nxe4 42. Rxe4 a5 43. Bc1 a4 44. Rb4 Kf7 45. Rb7 Ra1 46. Kc2 a3 47. Ra7 a2 48. Bd2 Bf6 49. Kd3 Rd1 50. Rxa2 Bg5 51. Ke2 Rxd2+ 52. Rxd2 Bxd2 53. Kd3 0-1